| 000 | 00872nam a22002657a 4500 | ||
|---|---|---|---|
| 003 | 0 | ||
| 005 | 20260124141234.0 | ||
| 008 | 260124b xxu||||| |||| 00| 0 eng d | ||
| 020 | _a9781284238860 | ||
| 050 |
_aRB 40 _b.C55 2023 |
||
| 245 |
_aClinical chemistry: _bprinciples, techniques, and correlations _cMichael L. Bishop [and four others] |
||
| 250 | _aNinth edition | ||
| 260 |
_aBurlington, MA : _bJones & Barlett Learning ; _c2023 |
||
| 300 |
_axvi, 821 pages : _bcolored illustrations and photos ; _c28cm. |
||
| 504 | _aIncludes appendices, glossary and index. | ||
| 650 | _aClinical chemistry. | ||
| 650 | _aMedical chemistry. | ||
| 650 | _aPathological chemistry. | ||
| 700 | _aBishop, Michael L. | ||
| 700 | _aFody, Edward. | ||
| 700 | _aSiclean, Carleen Van. | ||
| 700 | _aMistler, James March. | ||
| 700 | _aMoy, Michelle. | ||
| 942 |
_2lcc _cBK |
||
| 999 |
_c368763 _d368763 |
||